[Event "Hospitalet op 4th"]
[White "Cortes Lloveras, Enrique"]
[Black "Plamenov Ribarov, Petar"]
[Site "Hospitalet"]
[Round "2"]
[Result "0-1"]
[Date "2013.04.13"]
[WhiteElo "1892"]
[BlackElo "2095"]
[PlyCount "75"]
[EventDate "2013.04.06"]
[EventType "swiss"]
[EventRounds "8"]
[EventCountry "ESP"]
[SourceTitle "EXT 2014"]
[Source "ChessBase"]
[SourceDate "2013.11.20"]
[SourceVersion "1"]
[SourceVersionDate "2013.11.20"]
[SourceQuality "1"]

1. b4 a5 2. b5 c6 3. c4 d5 4. e3 Nf6 5. Bb2 Bf5 6. Nf3 e6 7. Be2 Be7 8. 0-0 0-0 9. Nh4 Bg6 10. Nxg6 hxg6 11. a4 Nbd7 12. d4 c5 13. Nd2 Nb6 14. Qb3 dxc4 15. Nxc4 Nxc4 16. Bxc4 Rc8 17. Rfd1 Qc7 18. Rac1 Rfd8 19. h3 b6 20. dxc5 Rxd1+ 21. Qxd1 Bxc5 22. Qf3 Ne8 23. h4 Qe7 24. h5 gxh5 25. Qxh5 Ba3 26. Bxa3 Qxa3 27. Qd1 Nd6 28. Ra1 Qb2 29. Rb1 Qe5 30. Be2 g6 31. Rc1 Rc5 32. Rc2 Kg7 33. Qc1 Ne4 34. Rxc5 Nxc5 35. Qd1 Qb2 36. Kf1 e5 37. Bc4 Ne4 38. Qe2 0-1

[Event "Barcelona Sant Marti op 05th"]
[White "Sabater Comas, Jordi"]
[Black "Cortes Lloveras, Enrique"]
[Site "Barcelona"]
[Round "7.14"]
[Result "0-1"]
[Date "2003.06.07"]
[WhiteElo "2015"]
[BlackElo "1950"]
[PlyCount "86"]
[EventDate "2003.04.26"]
[EventType "swiss"]
[EventRounds "9"]
[EventCountry "ESP"]
[SourceTitle "EXT 2004"]
[Source "ChessBase"]
[SourceDate "2003.11.25"]
[SourceVersion "1"]
[SourceVersionDate "2003.11.25"]
[SourceQuality "1"]

1. e4 c5 2. Nf3 Nc6 3. d4 cxd4 4. Nxd4 Nf6 5. Nc3 e5 6. Ndb5 d6 7. Bg5 a6 8. Na3 b5 9. Nd5 Qa5+ 10. Bd2 Qd8 11. Bd3 Be6 12. Nxf6+ Qxf6 13. c3 d5 14. exd5 Bxd5 15. 0-0 Bxa3 16. bxa3 0-0 17. Qc2 h6 18. a4 Rac8 19. axb5 axb5 20. Bxb5 Nd4 21. Qd3 Nxb5 22. Qxd5 Nxc3 23. Bxc3 Rxc3 24. Qd2 e4 25. Rac1 Rd3 26. Qe2 Qd4 27. Rfd1 Rd8 28. Rxd3 exd3 29. Qd2 Rb8 30. g3 Rb2 31. Qe3 Qd5 32. Rd1 d2 33. a4 Qc4 34. a5 Qc2 35. Rxd2 Qxd2 36. Qe8+ Kh7 37. Qxf7 Qxa5 38. h4 Qe1+ 39. Kg2 Qe4+ 40. Kh2 Re2 41. h5 Re1 42. f3 Re2+ 43. Kh3 Qe6+ 0-1

[Event "Barcelona Sant Marti op 05th"]
[White "Cortes Lloveras, Enrique"]
[Black "Vizcarrondo Arpal, Josep"]
[Site "Barcelona"]
[Round "2.26"]
[Result "1/2-1/2"]
[Date "2003.05.03"]
[WhiteElo "1950"]
[BlackElo "1840"]
[PlyCount "86"]
[EventDate "2003.04.26"]
[EventType "swiss"]
[EventRounds "9"]
[EventCountry "ESP"]
[SourceTitle "EXT 2004"]
[Source "ChessBase"]
[SourceDate "2003.11.25"]
[SourceVersion "1"]
[SourceVersionDate "2003.11.25"]
[SourceQuality "1"]

1. b4 Nf6 2. Bb2 g6 3. Nf3 Bg7 4. e3 0-0 5. Be2 d6 6. d4 Nbd7 7. 0-0 c6 8. c4 Qc7 9. Nbd2 e5 10. dxe5 dxe5 11. Qc2 Re8 12. e4 Nh5 13. g3 Nf8 14. c5 Bh3 15. Rfd1 Rad8 16. Ng5 Qc8 17. Nxh3 Qxh3 18. Nf3 Qc8 19. Bc4 h6 20. Rxd8 Qxd8 21. Rd1 Qe7 22. Qb3 Nh7 23. Rd6 g5 24. Qd3 Nf8 25. h4 Kh7 26. Qb3 f6 27. Bf7 Ng6 28. Bxe8 Qxe8 29. g4 Nhf4 30. Qd1 Nh3+ 31. Kg2 Ngf4+ 32. Kf1 Qf7 33. Qc2 h5 34. gxh5 Qxh5 35. Qd1 Qg4 36. Ke1 Qg2 37. Kd2 Qxf2+ 38. Kc1 Qe3+ 39. Nd2 Nf2 40. Qf1 N4d3+ 41. Kc2 Nxb4+ 42. Kb1 Qxc5 43. Nc4 b5 1/2-1/2